[Event "279th YMCA Autumn B"]
[Site "Warsaw"]
[Date "2023.12.05"]
[Round "10"]
[White "Kasperski, Marcin"]
[Black "Pasternak-Winiarski, Adam"]
[Result "0-1"]
[WhiteElo "1655"]
[BlackElo "1576"]
[PlyCount "78"]
[EventDate "2023.09.21"]
[EventType "tourn"]
[EventRounds "1"]
[EventCountry "POL"]
[SourceDate "2023.09.21"]

1. c4 g6 2. g3 Bg7 3. Bg2 c5 4. Nc3 Nc6 5. d3 Nf6 6. e4 O-O 7. Nge2 d6 8. O-O
a6 9. Bg5 Rb8 10. Qd2 Re8 11. a4 Nd7 12. Nd5 b5 13. axb5 axb5 14. Nec3 bxc4 15.
dxc4 Nde5 16. Ra4 Nd4 17. f3 Bd7 18. f4 Bxa4 19. fxe5 Bc6 20. exd6 Qxd6 21. Qf2
f6 22. e5 Qxe5 23. Bf4 Qe6 24. Bxb8 Rxb8 25. Re1 Qd6 26. Ne4 Qd8 27. Nxc5 e5
28. b4 Bxd5 29. Bxd5+ Kh8 30. Rb1 Bf8 31. Nd3 Qd6 32. Be4 f5 33. Bd5 Nb5 34.
Qe3 Nc3 35. Nxe5 Nxd5 36. cxd5 Qxd5 37. b5 Bc5 38. Re1 Qxe5 39. Qxc5 Qxc5+ 0-1

[Event "279th YMCA Autumn B"]
[Site "Warsaw"]
[Date "2023.11.22"]
[Round "10"]
[White "Gozdzikowski, Franciszek"]
[Black "Sypula, Krzysztof"]
[Result "1-0"]
[WhiteElo "1516"]
[BlackElo "1686"]
[PlyCount "53"]
[EventDate "2023.09.21"]
[EventType "tourn"]
[EventRounds "1"]
[EventCountry "POL"]
[SourceDate "2023.09.21"]

1. e4 b6 2. Nf3 Bb7 3. Nc3 e6 4. d4 d6 5. Be3 Nd7 6. Qd2 Ngf6 7. Bd3 e5 8.
O-O-O Ng4 9. Bg5 f6 10. Bh4 g6 11. Kb1 c6 12. h3 Nh6 13. dxe5 dxe5 14. Bc4 Qe7
15. Qxd7+ Qxd7 16. Rxd7 Kxd7 17. Bxf6 Bd6 18. Bg7 Rhe8 19. Bxh6 b5 20. Be2 Bc5
21. Bg7 Bxf2 22. Rd1+ Ke7 23. Bxe5 Rad8 24. Rf1 Be3 25. Nd1 Bh6 26. Nf2 Kd7 27.
Ng4 1-0

[Event "279th YMCA Autumn B"]
[Site "Warsaw"]
[Date "2023.11.24"]
[Round "10"]
[White "Szukalski, Antoni"]
[Black "Bartczak, Hanna"]
[Result "1/2-1/2"]
[WhiteElo "1664"]
[BlackElo "1482"]
[PlyCount "62"]
[EventDate "2023.09.21"]
[EventType "tourn"]
[EventRounds "1"]
[EventCountry "POL"]
[SourceDate "2023.09.21"]

1. e4 d6 2. d4 Nf6 3. Nc3 g6 4. Nf3 Bg7 5. Bc4 O-O 6. h3 Nxe4 7. Nxe4 d5 8.
Bxd5 Qxd5 9. Nc3 Qa5 10. O-O c6 11. Re1 Re8 12. Ne4 Qc7 13. c3 Bf5 14. Ng3 Be6
15. b3 c5 16. Be3 Nc6 17. Rc1 Rad8 18. Qe2 cxd4 19. cxd4 Qb8 20. Red1 Bd5 21.
Ne1 a6 22. f4 e6 23. Qf2 Qa7 24. Ne2 a5 25. Nc3 Qa6 26. Nxd5 Rxd5 27. Nf3 Red8
28. Rd2 Nb4 29. Rc3 R5d6 30. Ne5 Nd5 31. Rcd3 b5 $11 1/2-1/2

[Event "279th YMCA Autumn B"]
[Site "Warsaw"]
[Date "2023.11.30"]
[Round "11"]
[White "Sypula, Krzysztof"]
[Black "Szukalski, Antoni"]
[Result "1-0"]
[WhiteElo "1686"]
[BlackElo "1664"]
[PlyCount "93"]
[EventDate "2023.09.21"]
[EventType "tourn"]
[EventRounds "1"]
[EventCountry "POL"]
[SourceDate "2023.09.21"]

1. Nf3 d5 2. g3 Nf6 3. Bg2 Bf5 4. b3 g6 5. Bb2 Bg7 6. c4 c6 7. O-O O-O 8. d3
dxc4 9. bxc4 Nbd7 10. Nd4 Ne8 11. Qc2 Qb6 12. Nb3 Bxb2 13. Qxb2 Ndf6 14. Nc3
Ng7 15. a4 Qc7 16. a5 Rad8 17. Nc5 Rb8 18. e4 Bc8 19. d4 Ne6 20. Nxe6 Bxe6 21.
d5 Bd7 22. Qd2 cxd5 23. cxd5 Rfc8 24. Rfc1 Qd6 25. Qd4 Ng4 26. Nd1 b6 27. h3
Ne5 28. axb6 Rxc1 29. Rxc1 Rxb6 30. f4 Nc6 31. Qc3 Nb4 32. Ra1 a6 33. Ne3 Qb8
34. Kh2 Qc8 35. Qd4 Rb8 36. Qd2 Qc5 37. Rc1 Qa7 38. e5 a5 39. d6 exd6 40. exd6
Rc8 41. Rxc8+ Bxc8 42. Nc4 f6 43. Qc3 Kf7 44. Qa3 Qc5 45. Nxa5 Bd7 46. Nb7 Qd4
47. Qa8 $138 1-0

[Event "279th YMCA Autumn B"]
[Site "Warsaw"]
[Date "2023.11.30"]
[Round "11"]
[White "Pasternak-Winiarski, Adam"]
[Black "Pichurko, Jakub"]
[Result "1/2-1/2"]
[WhiteElo "1576"]
[BlackElo "1619"]
[PlyCount "30"]
[EventDate "2023.09.21"]
[EventType "tourn"]
[EventRounds "1"]
[EventCountry "POL"]
[SourceDate "2023.09.21"]

1. e4 Nf6 2. e5 Nd5 3. d4 d6 4. c4 Nb6 5. f4 dxe5 6. fxe5 Nc6 7. Be3 Bf5 8. Nc3
e6 9. Nf3 Be7 10. Be2 O-O 11. O-O f6 12. exf6 Bxf6 13. Qd2 Qe7 14. Rad1 Rad8
15. Kh1 Kh8 $11 1/2-1/2

[Event "279th YMCA Autumn B"]
[Site "Warsaw"]
[Date "2023.11.28"]
[Round "11"]
[White "Jaroszuk, Marcin"]
[Black "Koziol , Pawel"]
[Result "1/2-1/2"]
[WhiteElo "1452"]
[BlackElo "1667"]
[PlyCount "225"]
[EventDate "2023.09.21"]
[EventType "tourn"]
[EventRounds "1"]
[EventCountry "POL"]
[SourceDate "2023.09.21"]

1. d4 Nf6 2. Nf3 g6 3. g3 Bg7 4. Bg2 O-O 5. c4 d6 6. O-O Nc6 7. Nc3 a6 8. e4 e5
9. dxe5 dxe5 10. Bg5 Qxd1 11. Raxd1 Bg4 12. h3 Bxf3 13. Bxf3 Nd4 14. Bg2 Rfe8
15. Nd5 Nxd5 16. cxd5 Rac8 17. Be3 Nc2 18. Bd2 Nd4 19. Bc3 Ne2+ 20. Kh2 Nxc3
21. bxc3 Bf8 22. a4 a5 23. h4 Rb8 24. Bh3 Bd6 25. Rb1 Kg7 26. Rb3 b6 27. Rbb1
$11 Re7 28. Rfe1 Rf8 29. g4 f6 30. Re2 Bc5 31. Kg3 Bd6 32. Kh2 Ref7 33. Rbb2
Rh8 34. Kg3 Kf8 35. f3 Ke7 36. Red2 Bc5 37. Re2 Kd6 38. Rbd2 Ba3 39. Rd1 Rb8
40. Rb1 Bc5 41. Ree1 Rg8 42. Re2 Ke7 43. Rbe1 Bd6 44. Kf2 Ke8 45. Kf1 Rfg7 46.
g5 Rf8 47. Kg2 fxg5 48. hxg5 Be7 49. Rd1 Rgf7 50. Bg4 Rf4 51. Rb2 Kf7 52. Rd3
Rd8 53. Be6+ Kg7 54. Bh3 Rd6 55. c4 Rd8 56. Bg4 Rff8 57. Kh1 Rb8 58. Kg2 Rfd8
59. f4 exf4 60. Kf3 Bd6 61. Re2 Re8 62. Be6 Be5 63. Rh2 Rbd8 64. Rb3 Rh8 65.
Rb1 h5 66. Rc2 Bd6 67. Rh2 Rhf8 68. Rh3 Be7 69. Rg1 Bc5 70. Rb1 Bd6 71. Rh2 Be5
72. Rc2 Bd4 73. Re2 Be5 74. Rc2 Rfe8 75. Rb3 Kf8 76. c5 bxc5 77. Rxc5 Rb8 78.
Rcb5 Rxb5 79. Rxb5 Ra8 80. Bd7 Ra6 81. Be6 Ke7 82. Bg8 Ra8 83. Be6 Bd6 84. Bh3
Kf7 85. Be6+ Kg7 86. Bh3 Re8 87. Rxa5 Re5 88. Ra8 Rxg5 89. Be6 Rg3+ 90. Kf2 Kf6
91. Re8 Ra3 92. Bd7 Ra2+ 93. Kf1 g5 94. Re6+ Kg7 95. e5 Bc5 96. d6 f3 97. Re7+
Kg6 98. Be8+ Kf5 99. Bd7+ Kf4 100. Rf7+ Kxe5 101. Rxf3 Kxd6 102. Be8 h4 103.
Rd3+ Ke5 104. Bd7 Ke4 105. Rc3 Bd6 106. Bc6+ Kd4 107. Rf3 g4 108. Rf2 Ra1+ 109.
Ke2 g3 110. Rf1 Rxf1 111. Kxf1 h3 112. Bd7 g2+ 113. Kg1 1/2-1/2

[Event "279th YMCA Autumn B"]
[Site "Warsaw"]
[Date "2023.11.30"]
[Round "11"]
[White "Emmel, Bartosz"]
[Black "Kuc , Mariusz"]
[Result "1-0"]
[WhiteElo "1552"]
[BlackElo "1630"]
[PlyCount "63"]
[EventDate "2023.09.21"]
[EventType "tourn"]
[EventRounds "1"]
[EventCountry "POL"]
[SourceDate "2023.09.21"]

1. e4 c5 2. b3 e6 3. Bb2 Nc6 4. Nf3 d5 5. exd5 exd5 6. d4 Nf6 7. Be2 Be7 8. O-O
O-O 9. Re1 Bf5 10. Bd3 Bg4 11. Be2 Rc8 12. Nbd2 Re8 13. Rc1 Qb6 14. Nf1 cxd4
15. Nxd4 Bxe2 16. Rxe2 Bc5 17. Nf5 d4 18. c3 Rxe2 19. Qxe2 d3 20. Qf3 Ne5 21.
Qg3 Ng6 22. b4 Bf8 23. Qxd3 Ne5 24. Qg3 Nc4 25. Ba1 Ne4 26. Qh4 Re8 27. a4 a5
28. Re1 g5 29. Rxe4 gxh4 30. Rxe8 Qc6 31. Ne7+ Kg7 32. Nxc6 1-0

[Event "279th YMCA Autumn B"]
[Site "Warsaw"]
[Date "2023.12.05"]
[Round "12"]
[White "Koziol , Pawel"]
[Black "Emmel, Bartosz"]
[Result "0-1"]
[WhiteElo "1667"]
[BlackElo "1552"]
[PlyCount "104"]
[EventDate "2023.09.21"]
[EventType "tourn"]
[EventRounds "1"]
[EventCountry "POL"]
[SourceDate "2023.09.21"]

1. Nf3 Nf6 2. g3 g6 3. Bg2 Bg7 4. O-O O-O 5. c4 c5 6. Nc3 Nc6 7. d4 cxd4 8.
Nxd4 Qb6 9. Nc2 d6 10. b3 Bd7 11. Rb1 Nb4 12. Bg5 Nxc2 13. Qxc2 Bc6 14. e4 Rac8
15. Nd5 Bxd5 16. exd5 Qa5 17. Qd2 Qxd2 18. Bxd2 b5 19. Rbc1 bxc4 20. bxc4 Rb8
21. Rc2 Rfc8 22. Rfc1 Nd7 23. Bh3 Rc7 24. Bxd7 Rxd7 25. c5 dxc5 26. Rxc5 Bd4
27. Rc8+ Rxc8 28. Rxc8+ Kg7 29. Bc3 Rxd5 30. Bxd4+ Rxd4 31. Rc7 Ra4 32. Rc2 e5
33. Kf1 f5 34. Ke2 Ra3 35. Kd2 Kf6 36. Ke2 Kg5 37. f3 e4 38. fxe4 fxe4 39. Kf2
Kf5 40. Rb2 h5 41. Re2 g5 42. Rb2 Kg4 43. Kg2 h4 44. gxh4 gxh4 45. Re2 h3+ 46.
Kf2 Kf4 47. Rb2 Rd3 48. Ke2 Ra3 49. Rc2 Ra6 50. Kf1 Ke3 51. Rc3+ Kd2 52. Rxh3
e3 0-1

[Event "279th YMCA Autumn B"]
[Site "Warsaw"]
[Date "2023.12.07"]
[Round "12"]
[White "Kasperski, Marcin"]
[Black "Jaroszuk, Marcin"]
[Result "1/2-1/2"]
[WhiteElo "1655"]
[BlackElo "1452"]
[PlyCount "118"]
[EventDate "2023.09.21"]
[EventType "tourn"]
[EventRounds "1"]
[EventCountry "POL"]
[SourceDate "2023.09.21"]

1. c4 Nf6 2. g3 e6 3. Bg2 d5 4. Nf3 Be7 5. O-O O-O 6. Qc2 d4 7. d3 c5 8. Ne5
Nfd7 9. Nxd7 Qxd7 10. Nd2 e5 11. a3 a5 12. f4 exf4 13. Rxf4 Bg5 14. Rf3 Be3+
15. Rxe3 dxe3 16. Nf1 Nc6 17. Bxe3 Nd4 18. Qd1 Qe7 19. Be4 Bg4 20. Bxd4 cxd4
21. Qd2 f5 22. Bd5+ Kh8 23. Re1 f4 24. gxf4 Ra6 25. Ng3 h5 26. Rf1 Qe3+ 27.
Qxe3 dxe3 28. h4 Rb6 29. b4 axb4 30. axb4 Rxb4 31. f5 Rb2 32. Bf3 Ra8 $11 33.
Bxg4 hxg4 34. Rf4 Ra1+ 35. Kg2 Ra3 36. d4 Ra4 37. c5 Rd2 38. Rxg4 Rdxd4 39.
Rxd4 Rxd4 40. Kf3 Rd5 41. Kxe3 Rxc5 42. Kd4 b6 43. e4 Kg8 44. e5 Kf8 45. h5 Ke7
46. Ne4 Rc1 47. f6+ gxf6 48. Nxf6 Ke6 49. h6 Rd1+ 50. Ke4 Rh1 51. Nd5 Re1+ 52.
Ne3 Rh1 53. Nd5 Rxh6 54. Nxb6 Rh4+ 55. Kd3 Rh3+ 56. Kd4 Rh4+ 57. Kd3 Rb4 58.
Nc4 Rxc4 59. Kxc4 Kxe5 1/2-1/2

[Event "279th YMCA Autumn B"]
[Site "Warsaw"]
[Date "2023.12.06"]
[Round "12"]
[White "Gozdzikowski, Franciszek"]
[Black "Pasternak-Winiarski, Adam"]
[Result "1-0"]
[WhiteElo "1516"]
[BlackElo "1576"]
[PlyCount "53"]
[EventDate "2023.09.21"]
[EventType "tourn"]
[EventRounds "1"]
[EventCountry "POL"]
[SourceDate "2023.09.21"]

1. e4 c5 2. Nf3 d6 3. d4 cxd4 4. Nxd4 Nf6 5. Nc3 a6 6. Be3 e5 7. Nb3 Be6 8. Qd2
Nbd7 9. f4 b5 10. O-O-O Bxb3 11. axb3 Qa5 12. Kb1 Be7 13. Be2 O-O 14. Nd5 Bd8
15. b4 Qa4 16. Qe1 Nxd5 17. Rxd5 Nc5 18. bxc5 dxc5 19. Bxc5 Re8 20. Bd3 Ba5 21.
Qf2 b4 22. fxe5 b3 23. cxb3 Qxb3 24. Bc2 Qb7 25. Rhd1 Bc3 26. Ba3 Rab8 27. Rd7
1-0

[Event "279th YMCA Autumn B"]
[Site "Warsaw"]
[Date "2023.11.28"]
[Round "13"]
[White "Pasternak-Winiarski, Adam"]
[Black "Szukalski, Antoni"]
[Result "0-1"]
[WhiteElo "1576"]
[BlackElo "1664"]
[PlyCount "38"]
[EventDate "2023.09.21"]
[EventType "tourn"]
[EventRounds "1"]
[EventCountry "POL"]
[SourceDate "2023.09.21"]

1. e4 c5 2. Nf3 d6 3. d4 cxd4 4. Nxd4 Nf6 5. Nc3 a6 6. a4 e5 7. Nf3 Be6 8. Ng5
d5 9. Nxe6 fxe6 10. Be2 Bb4 11. Bd2 O-O 12. O-O Nc6 13. Bg4 Qd6 14. Nb1 Bc5 15.
exd5 exd5 16. c4 dxc4 17. Qc2 Kh8 18. Qxc4 Nd4 19. Bh3 b5 0-1

[Event "279th YMCA Autumn B"]
[Site "Warsaw"]
[Date "2023.12.14"]
[Round "13"]
[White "Jaroszuk, Marcin"]
[Black "Pichurko, Jakub"]
[Result "1-0"]
[WhiteElo "1452"]
[BlackElo "1619"]
[PlyCount "119"]
[EventDate "2023.09.21"]
[EventType "tourn"]
[EventRounds "1"]
[EventCountry "POL"]
[SourceDate "2023.09.21"]

1. d4 d5 2. Nf3 Nf6 3. c4 c6 4. g3 g6 5. Bg2 Bg7 6. O-O O-O 7. cxd5 cxd5 8. Nc3
Nc6 9. Ne5 e6 10. Nxc6 bxc6 11. Na4 Nd7 12. Bf4 Ba6 13. Rc1 Rc8 14. Nc5 Nxc5
15. Rxc5 Re8 16. Qd2 Bf8 17. Rfc1 Bxc5 18. Rxc5 f6 19. h4 Kf7 20. Bf3 Re7 21.
g4 Rb7 22. Qc2 Qe8 23. g5 f5 24. Be5 Rb5 25. Qa4 Rb6 $11 26. Qa3 Qe7 27. Bf6
Qd6 28. Be5 Qe7 29. Qc3 Qb7 30. b3 Rb5 31. Qe3 Qe7 32. Bf6 Qd6 33. Kg2 Re8 34.
Be5 Qd7 35. Qf4 Rd8 36. Rc1 Ke8 37. h5 Qf7 38. hxg6 hxg6 39. Rxc6 Rb6 40. Rc7
Rd7 41. Rc1 Qg8 42. Rh1 Rh7 43. Rc1 Bb7 44. Bf6 Ba6 45. Rc7 Rd7 46. Qc1 Rxc7
47. Qxc7 Qf8 48. Qxa7 Qd6 49. Qg7 Rb7 50. Qxg6+ Rf7 51. Qg8+ Rf8 52. Qh7 Rf7
53. Bh5 Qf8 54. Qxf7+ Qxf7 55. Bxf7+ Kxf7 56. e3 Bd3 57. Kf3 Bb1 58. a3 Bc2 59.
b4 Ba4 60. Kf4 1-0

[Event "279th YMCA Autumn B"]
[Site "Warsaw"]
[Date "2023.12.13"]
[Round "13"]
[White "Emmel, Bartosz"]
[Black "Kasperski, Marcin"]
[Result "0-1"]
[WhiteElo "1552"]
[BlackElo "1655"]
[PlyCount "112"]
[EventDate "2023.09.21"]
[EventType "tourn"]
[EventRounds "1"]
[EventCountry "POL"]
[SourceDate "2023.09.21"]

1. e4 e6 2. d4 d5 3. exd5 exd5 4. Bd3 Bd6 5. Nf3 Ne7 6. O-O Bf5 7. Bxf5 Nxf5 8.
Re1+ Ne7 9. Nc3 c6 10. Ng5 O-O 11. Re3 Bf4 12. Rh3 Bxg5 13. Bxg5 f6 14. Qh5
fxg5 15. Qxh7+ Kf7 16. Re1 Nd7 17. Qh5+ Ng6 18. Rhe3 Nf6 19. Re7+ Qxe7 20.
Rxe7+ Kxe7 21. Qxg6 Rf7 22. Qxg5 Raf8 23. b4 b5 24. Nd1 Kd7 25. Qf5+ Kc7 26.
Ne3 Nd7 27. Qg5 Nb6 28. Qg3+ Kb7 29. h4 Nd7 30. Qd6 Nb6 31. Ng4 Nc4 32. Qe6 Kb6
33. f3 Rf4 34. Qe7 R8f7 35. Qc5+ Kb7 36. a4 bxa4 37. b5 cxb5 38. Qxb5+ Nb6 39.
Ne5 Rc7 40. c3 Rxc3 41. Nd3 Rxd4 42. Nc5+ Rxc5 43. Qxc5 Rc4 44. Qe7+ Rc7 45.
Qb4 Rd7 46. g4 d4 47. Kf1 d3 48. Ke1 Rd5 49. h5 a5 50. Qb2 Rd7 51. g5 Kc6 52.
Qc3+ Kb5 53. h6 gxh6 54. gxh6 Nc4 55. Qg7 d2+ 56. Kd1 Ne3+ 0-1

[Event "279th YMCA Autumn B"]
[Site "Warsaw"]
[Date "2023.12.12"]
[Round "13"]
[White "Kuc , Mariusz"]
[Black "Koziol , Pawel"]
[Result "0-1"]
[WhiteElo "1630"]
[BlackElo "1667"]
[PlyCount "82"]
[EventDate "2023.09.21"]
[EventType "tourn"]
[EventRounds "1"]
[EventCountry "POL"]
[SourceDate "2023.09.21"]

1. e4 c5 2. Nc3 Nc6 3. Bb5 g6 4. Bxc6 bxc6 5. d3 Bg7 6. f4 d6 7. Nf3 Nf6 8. O-O
a5 9. Qe1 O-O 10. Bd2 a4 11. Qh4 Nd7 12. f5 e5 13. fxg6 fxg6 14. Bg5 Nf6 15.
Rae1 Be6 16. Nd2 Rf7 17. Rf3 Qf8 18. Ref1 Nh5 19. Nc4 Raa7 20. Rxf7 Bxf7 21. g4
Nf4 22. Bxf4 exf4 23. Rxf4 a3 24. e5 axb2 25. Nxd6 Bxe5 26. Rf1 Bxc3 27. Ne4
Bd4+ 28. Kg2 Rxa2 29. Rb1 Bd5 30. Qe1 Ra1 31. c3 Rxb1 32. Qxb1 Bxe4+ 33. dxe4
Qf2+ 34. Kh3 Qf3+ 35. Kh4 Bxc3 36. Qa2+ Qf7 37. Qb1 Kg7 38. Kg3 g5 39. Qd3 Bd4
40. h4 Qf2+ 41. Kh3 Qe3+ 0-1